| 000 | 00636nam a2200253Ia 4500 | ||
|---|---|---|---|
| 005 | 20260306154403.0 | ||
| 008 | 008 260114s9999 xx 000 0 eng d | ||
| 020 | _a9781571136367 | ||
| 037 | _aEBOOK | ||
| 040 | _aCRL | ||
| 040 | _beng | ||
| 040 | _cCRL | ||
| 041 | _2eng | ||
| 041 | _aeng | ||
| 084 | _qCRL | ||
| 100 |
_aArnason/Roberts _91127448 |
||
| 245 | 0 | _aElias Canetti's Counter-Image of Society | |
| 260 | _bBoydell & Brewer | ||
| 260 | _c2013 | ||
| 650 | _a Psychology | ||
| 856 | _uhttps://www.cambridge.org/core/product/identifier/9781571136367/type/BOOK | ||
| 942 | _cEBOOK | ||
| 999 |
_c1707320 _d1707320 |
||